000 00601nam a2200193 i 4500
001 bgj
245 0 0 _aReally Learn 100 Phrasal Verbs for Business /
_c[edited by Dilys Parkinson] ; [assisted by Ben Francis].
260 _aOxford :
_bOxford University Press,
_c2005.
300 _aIII, 110 pp :
_bill. ;
_c24 cm.
650 9 _aEnglish language
_xBusiness English
_xVocabulary
700 1 _aPARKINSON, Dilys.
_eed.
700 1 _aFRANCIS, Ben.
_eed.
020 _a0194316963
040 _cBPK
041 0 _aeng
920 _a0-19-431696-3
942 _cKS
008 s uk f |000 0 eng
999 _c49092
_d49092
856 _uhttp://koha.tu.koszalin.pl/cgi-bin/koha/opac-detail.pl?biblionumber=49092
_yKatalog online BPK